Discursos leídos en la sesión inaugural del Ateneo Médico-Quirúrgico : (Record no. 152897)

MARC details
000 -LEADER
campo de control de longitud fija 01181nam a2200241 i 4500
001 - NÚMERO DE CONTROL
campo de control 152897
003 - IDENTIFICADOR DE NÚMERO DE CONTROL
campo de control ES-MaACL
005 - FECHA Y HORA DE LA ÚLTIMA TRANSACCIÓN
campo de control 20230906204922.0
008 - DATOS DE LONGITUD FIJA--INFORMACIÓN GENERAL
campo de control de longitud fija 931025s1872 sp |||| | spa d
080 ## - NÚMERO DE LA CLASIFICACIÓN DECIMAL UNIVERSAL
Número de la Clasificación Decimal Universal 576.31
100 1# - ENTRADA PRINCIPAL--NOMBRE DE PERSONA
Nombre de persona Saez y Domingo, Gregorio.
9 (RLIN) 101388
245 10 - MENCIÓN DEL TÍTULO
Título Discursos leídos en la sesión inaugural del Ateneo Médico-Quirúrgico :
Resto del título celebrada el día 17 de noviembre de 1872 por D. Gregorio Sáez y Domínguez, secretario primero, y... D. Andrés del Busto y López, presidente del mismo.
260 ## - PUBLICACIÓN, DISTRIBUCIÓN, ETC.
Lugar de publicación, distribución, etc. Madrid :
Nombre del editor, distribuidor, etc. [s.n.],
Fecha de publicación, distribución, etc. 1872 (
Fabricante Imp. de José M. Ducazcal)
300 ## - DESCRIPCIÓN FÍSICA
Extensión 42 p. ;
Dimensiones 26 cm.
530 ## - NOTA DISPONIBLE DE FORMULARIO FÍSICO ADICIONAL
Nota de formato físico adicional disponible Disponible en formato digital.
594 ## - Nota al título y mención de responsabilidad
Nota al título y mención de responsabilidad Tema del discurso: "De la trasplantación celular" (p. 13)
650 #4 - PUNTO DE ACCESO ADICIONAL DE MATERIA--TÉRMINO DE MATERIA
Término de materia o nombre geográfico como elemento de entrada Celulas.
9 (RLIN) 135744
700 1# - ENTRADA AGREGADA--NOMBRE PERSONAL
Nombre de persona Busto y López, Andrés del.
9 (RLIN) 32918
710 2# - ENTRADA AGREGADA--NOMBRE DE ENTIDAD CORPORATIVA
Nombre de entidad corporativa o nombre de jurisdicción como elemento de entrada Ateneo Médico-Quirúrgico.
9 (RLIN) 2048
852 4# - LOCALIZACIÓN
Ubicación ES-MaACL
Número de control de estantería T-142-F-4
Nota libre - Enc. hol., falto de cub. original
-- - Enc. en un vol. facticio
852 4# - LOCALIZACIÓN
Ubicación ES-MaACL
Número de control de estantería T-142-F-5
Nota libre - Enc. hol., falto de cub. original
-- - Enc. en un vol. facticio
856 4# - LOCALIZACIÓN Y ACCESO ELECTRÓNICOS
Identificador Uniforme de Recursos <a href="http://bdh-rd.bne.es/viewer.vm?id=0000059436&page=1 ">http://bdh-rd.bne.es/viewer.vm?id=0000059436&page=1 </a>
Nota pública Biblioteca Digital Hispánica
Holdings
Estatus retirado Estado de pérdida Estado de daño No para préstamo Colección Biblioteca de origen Biblioteca actual Ubicación en estantería Fecha de adquisición Total de préstamos Signatura topográfica completa Código de barras Visto por última vez Precio de reemplazo Tipo de ítem Koha
        Colección de folletos Biblioteca del Ateneo de Madrid Biblioteca del Ateneo de Madrid Depósito folletos 17/01/2008   T-142-F-5 1159699 23/02/2023 23/02/2023 Folleto
        Colección de folletos Biblioteca del Ateneo de Madrid Biblioteca del Ateneo de Madrid Depósito folletos 17/01/2008   T-142-F-4 1159698 23/02/2023 23/02/2023 Folleto